00384nam a2200133Ia 4500008004100000041000800041082001600049100001600065245006800081260003800149300001800187365001200205520003300217240719s9999 xx 000 0 und d aeng a332.042 FIN aFinch Clare aA Students Guide To International Financial Reporting standards aUnited KingdombKaplan Pub.c2008 a263.; P 23 Cm cBPSb25 aGifted By : Prof. Pawan Jain